| 000 | 00397nam a22001217a 4500 | ||
|---|---|---|---|
| 082 | _aTHE 200 | ||
| 100 |
_aMUHAMMAD FASEEH TAHIR _969462 |
||
| 245 | _aTH-SOF-0740-ADOPTION OF DECISION SUPPORT SYSTEMS (DSS) TO SUPPLEMENT ORGANIZATIONAL DECISION MAKING | ||
| 260 |
_aNUST COLLEGE OF EME _bISLAMABAD _c2001 |
||
| 650 |
_a MS-EM-5 MSTHESIS _972537 |
||
| 700 |
_a DR SHAFQAT HAMEED _929330 |
||
| 942 | _cCF | ||
| 999 |
_c578759 _d578759 |
||